000 00848cab a2200337 4500
001 X1441
008 090401t1994 xxu||||| |||| 00| 0 eng d
035 _a(Sirsi) u17127
041 _aeng
100 _aMoreton, P.
245 _aInsurance
260 _c1994
350 _a0
490 _aCSM (Chartered Surveyor Monthly)
_v3(7) April 1994, 39(1)
650 _aAPPOINTMENT
650 _aCONTAMINATED LAND
650 _aEXPERT
650 _aLIABILITY
650 _aLLOYD V BUTLER
650 _aNEGLIGENCE
650 _aPOLLUTION
650 _aPROFESSIONAL INDEMNITY INSURANCE
650 _aValuation
_96273
650 _aWHITE BOOK
650 _aZABAIDA V HARGREAVES
690 _aENVIRONMENTAL AND LAND CONSULTANCY
690 _aINSURANCE
_96249
690 _aRATING AND VALUATION
942 _n0
948 _c04/03/1997
999 _c11354
_d11354